| 000 | nam a22 7a 4500 | ||
|---|---|---|---|
| 999 |
_c127625 _d127625 |
||
| 008 | 180314b xxu||||| |||| 00| 0 eng d | ||
| 050 | _aPR69.S3 | ||
| 100 |
_aSweeting, Elizabeth J. _940569 |
||
| 245 |
_aEarly tudor criticism: _blinguistic and literary _c\ by Elizabeth J. Sweeting |
||
| 260 |
_aNew York: _bRussell & Russell, _c1964 |
||
| 300 |
_axvi,177p.; _c22cm. |
||
| 650 |
_aCriticism _zGreat Britain _940570 |
||
| 650 |
_aEnglish Literature _xEarly modern _xHistory and criticism _940572 |
||
| 650 |
_aEnglish Language _xHistory _940573 |
||
| 650 |
_aRhetoric _y1500-1800 _940574 |
||
| 942 |
_2lcc _cMONOGRAPH |
||